Crisis financieras en Colombia 1982-1999 : (Registro nro. 11995)

Detalles MARC
000 -LEADER
fixed length control field 01566cam a22002775a 4500
003 - CONTROL NUMBER IDENTIFIER
control field OSt
005 - DATE AND TIME OF LATEST TRANSACTION
control field 20210726141426.0
008 - FIXED-LENGTH DATA ELEMENTS--GENERAL INFORMATION
fixed length control field 130411s2012 ck ad frn 000 0 spa d
020 ## - INTERNATIONAL STANDARD BOOK NUMBER
International Standard Book Number 9789588745336
040 ## - CATALOGING SOURCE
Original cataloging agency CO-BoUCM
Transcribing agency CO-JMCR
041 0# - LANGUAGE CODE
Language code of text/sound track or separate title spa
082 04 - DEWEY DECIMAL CLASSIFICATION NUMBER
Classification number 330.98610634 /
Item number M875c
Edition number 23
100 1# - MAIN ENTRY--PERSONAL NAME
Personal name Morris Ordóñez, Francisco,
9 (RLIN) 42706
Relator term autor
245 10 - TITLE STATEMENT
Title Crisis financieras en Colombia 1982-1999 :
Remainder of title orígenes y antecedentes de la principales crisis mundiales, 1929-2012
Statement of responsibility, etc. Francisco Morris Ordóñez,
250 ## - EDITION STATEMENT
Edition statement 2a edición
260 ## - PUBLICATION, DISTRIBUTION, ETC.
Place of publication, distribution, etc. Bogotá :
Name of publisher, distributor, etc. Universidad Sergio Arboleda,
Date of publication, distribution, etc. 2012.
300 ## - PHYSICAL DESCRIPTION
Extent 196 páginas :
Other physical details ilustraciones y gráficas en blanco y negro ;
Dimensions 23 cm.
490 0# - SERIES STATEMENT
Series statement Serie Economía
504 ## - BIBLIOGRAPHY, ETC. NOTE
Bibliography, etc. note Bibliografía . páginas 193-196.
505 ## - FORMATTED CONTENTS NOTE
Formatted contents note Las crisis financieras. -- Las crisis financieras y las herramientas monetarias. -- las políticas monetarias y las crisis financieras. Las maniobras de defensa. -- Presencia permanente de la crisis. -- Lo desconocido de la crisis de los ochenta. -- la verdad de los fondos bolivariano y grancolombiano. -- Las crisis y la macroeconomía del sector externo. -- Antecedentes notables de la crisis de 1982. -- La crisis financiera de fin de siglo. -- Diferencias instrumentales entre las crisis de 1999 y 1982. Enseñanzas de la crisis.
650 #7 - SUBJECT ADDED ENTRY--TOPICAL TERM
Topical term or geographic name entry element Crisis financiera
Geographic subdivision Colombia
9 (RLIN) 12166
Chronological subdivision 1982-1999
651 #4 - SUBJECT ADDED ENTRY--GEOGRAPHIC NAME
Geographic name Colombia
General subdivision Condiciones económicas
Chronological subdivision 1982-1999
9 (RLIN) 42709
651 #4 - SUBJECT ADDED ENTRY--GEOGRAPHIC NAME
Geographic name Colombia
General subdivision Política monetaria
Chronological subdivision 1982-1999
9 (RLIN) 43317
690 ## - LOCAL SUBJECT ADDED ENTRY--TOPICAL TERM (OCLC, RLIN)
Topical term or geographic name as entry element Finanzas
9 (RLIN) 38718
942 ## - ADDED ENTRY ELEMENTS (KOHA)
Koha item type Books
Source of classification or shelving scheme Dewey Decimal Classification
Existencias
Withdrawn status Lost status Source of classification or shelving scheme Damaged status Not for loan Home library Current library Shelving location Date acquired Source of acquisition Full call number Barcode Date last seen Copy number Price effective from Koha item type
    Dewey Decimal Classification     Biblioteca Pública José María del Castillo y Rada Biblioteca Pública José María del Castillo y Rada General Stacks 04/15/2018 Donación 330.98610634 / M875c 430002278 05/16/2024 Ej.1 03/10/2021 Books